Zufällige Länder 1# - Statistiken

Allgemein
  • Dieses Quiz wurde 82 mal gespielt
    49 seit der letzten Aktualisierung
  • Das Durchschnittsergebnis liegt bei 12 aus 15
Antworten auf der Karte
Die Antworten werden auf der Karte rot bzw. grün angezeigt, abhängig davon wie oft sie richtig erraten wurden.
 
Antwortstatistiken
Antwort % Korrekt
Deutschland
95%
Indien
88%
Malta
88%
Niger
85%
Philippinen
83%
Malaysia
80%
Aserbaidschan
78%
Irland
78%
Peru
78%
Albanien
76%
Neu seeland
76%
Pakistan
76%
Kroatien
73%
Laos
68%
San marino
59%
Keine übereinstimmenden Quizze gefunden
Verteilung der Resultate
Anzahl Personen mit jedem Resultat
Perzentil nach korrekt beantworteten Fragen
Ihre Resultats-Entwicklung
Sie haben dieses Quiz seit der letzten Aktualisierung nicht gespielt